000 00699nam a2200265Ia 4500
001 1569
005 20240113233505.0
007 ta
008 050207s1959 a g b000 u asm u
020 _cHB
040 _aCotton College,Assam
041 _aasm
082 _a891.4109
_bP 568 As
100 _aPhukan, Anandaram Dhekial .
245 0 _aAssamia Bhasa /
_cAnandaram Dhekial Phukan.
_hTextual Documents
250 _a1st ed. /
260 _aJorhat :
_bAssam Sahitya Sabha ,
_c1959.
300 _a51p. :
_bill ;
_c21cm. .
500 _a15/Ref/Ass
653 _aAssamese Language
653 _aAssamese Essays
942 _2ddc
_cBK
999 _c1565
_d1565